[Event "Cuadrangular UNAM 2012"]
[Site "Mexico City MEX"]
[Date "2012.11.25"]
[Round "2.1"]
[White "Carlsen, M."]
[Black "Polgar, Ju"]
[Result "0-1"]
[WhiteElo "2848"]
[BlackElo "2705"]
[Annotator "Shaw,John"]
[PlyCount "100"]
[EventDate "2012.11.24"]
[EventType "k.o. (rapid)"]
[EventRounds "2"]
[EventCountry "MEX"]
[Source "Chess Today"]
[SourceDate "2012.11.26"]

1. Nf3 Nf6 2. c4 g6 3. Nc3 Bg7 4. e4 d6 5. d4 O-O {The King's Indian has been
one of Judit's favourite openings since 1988. As Judit mentions in "How I Beat
Fischer's Record", she started studying it with the great opening expert
Laszlo Hazai.} 6. h3 e5 7. d5 Na6 8. Be3 ({Also frequently seen is} 8. Bg5 {
with the idea that if} h6 9. Be3 {White might gain a tempo attacking h6. On
the other hand, if Black plays 8...Qe8 then play may be similar to the game.
In fact, several games with 8.Bg5 follow our game with the bishop dropping
back to e3, leaving White a full tempo down on Carlsen's play.}) 8... Qe8 9. g4
Nc5 10. Nd2 a5 11. Be2 c6 12. Rg1 {A new move.} ({Known was} 12. g5 Nfd7 {as
in Loxine (2399) - E. Paehtz,(2461), Dresden 2012. I am no expert on the KID,
but instead of the game's subtle 13.Qc2 I would be reaching out to play the
direct} 13. h4) 12... Kh8 13. h4 Ng8 14. Qc2 Bd7 15. O-O-O cxd5 16. Nxd5 Ne6
17. h5 g5 {It is all looking great for White. The KID bishop is dead, while
the d5-knight is dominant. Nothing can possibly go wrong...} 18. Kb1 Ba4 19. b3
Bc6 20. Nb6 Rd8 21. Qc3 Nf4 22. Bf1 h6 23. Qxa5 f5 24. gxf5 ({It makes sense
to avoid} 24. exf5 e4 {when the g7-bishop is resurrected.}) 24... Qxh5 25. Re1
Nf6 26. Nd5 Ra8 27. Qb4 Rfd8 28. f3 $4 {Everything turns - from winning to
lost - on one natural-looking move.} (28. Nxf6 Bxf6 29. f3 {would keep total
control.}) 28... Qh4 $1 {The queen hits the e1-rook but that threat can easily
be met, so what's the big idea? In fact, Black has a second threat of taking
twice on d5, exploiting a well-hidden potential pin between h4 and b4. I found
this difficult to spot (there are so many pieces in between!) but Judit is
exactly the sort of razor-sharp player who sees this in an instant.} 29. Rc1
Bxd5 (29... N6xd5 30. cxd5 Nxd5 {looks an even better option.}) 30. cxd5 (30.
Bxf4 {was a chance to lessen the damage, but Black is still very happy after}
Qxf4 31. cxd5 Nxd5 32. Qc4 Ne3) 30... N4xd5 31. Bxg5 Qxg5 $1 (31... hxg5 {
loses most of Black's advantage after} 32. Qxb7 $1) 32. Rxg5 Nxb4 33. Rg2 d5 {
Now Black simply has an extra piece; Judit finished efficiently.} 34. exd5
Nfxd5 35. Ne4 Ne3 36. f6 Bf8 37. Rh2 Rac8 38. Bc4 Nxc4 39. bxc4 Kg8 40. Rb2 Rc7
41. c5 Nd3 42. Rd2 Rcd7 43. c6 bxc6 44. Rxc6 Kf7 45. Rb6 Nc5 46. Rxd7+ Rxd7 47.
Nf2 h5 48. Rc6 Rd2 49. Nh3 Ne6 50. a4 Rh2 {British football commentators have
an annoying habit of saying "It's like a game of chess out there" when the
match they are watching is bogged down in a midfield "stalemate". Well, this
was like a game of football: White had all the possession, but Black took her
only chance and buried it in the back of the net.} 0-1

[Event "72nd ch-ITA 2012"]
[Site "Torino ITA"]
[Date "2012.11.02"]
[Round "4"]
[White "Brunello, S."]
[Black "Garcia Palermo, C."]
[Result "1-0"]
[WhiteElo "2591"]
[BlackElo "2481"]
[Annotator "Ntirlis,Nikos"]
[PlyCount "141"]
[EventDate "2012.10.30"]
[Source "Chess Today"]
[SourceDate "2012.11.26"]

1. d4 d5 2. c4 e6 3. Nc3 Nf6 4. cxd5 exd5 5. Bg5 Be7 (5... c6 {This is a move
order suggested by IM Cox in his QDG book and may well be indeed the most
accurate here. Schandorff in his book advocates the move order with 6.Qc2, but
there may be a potential important new idea for Black here} 6. Qc2 (6. e3 {
allows the "Short-Spassky endgame" after} Bf5 7. Qf3 Bg6 8. Bxf6 Qxf6 9. Qxf6
gxf6 {I think that a nice way to play against it with White is the well known}
10. Nf3 Nd7 11. Nh4 Be7 12. g3 Nb6 13. f3 a5 {(13...Nc8 may be better, but in
this case the move ...a5 by Black can be met by b3! and this fact may be
relevant)} 14. Kf2 a4 15. Rc1 (15. Rd1 $146 {may be a serious idea here. The
main point is that after[%cal Gf1d3]} Nc8 16. Bd3 Nd6 {White can play} 17. e4 {
followed by Rhe1. If this is really better for him requires deep analysis to
figure it out, but to me it looks at least slightly uncomfortable for Black
[%cal Gh1e1]}) 15... Nc8 16. Be2 Nd6 17. Rhd1 O-O (17... b5 $5 {has been
played in a high-level corr game and I would be a liar if I say that I really
understand what is going on...}) 18. Bd3 {we are following Van Wely- Short,
Corus 2005. White won this game in a nice style although at this point lots of
people (including Cox) have suggested that Black's best is} Bxd3 19. Rxd3 f5 {
with a close to equal game. I think that indeed Black is fine, so probably
special attention should be given in the suggested improvement 15.Rd1}) 6... h6
$5 7. Bh4 Be6 $1 8. e3 Nbd7 $1 9. Bd3 g5 10. Bg3 Nh5 $1 {was suggested by the
Greek IM Frentzas in the chesspub forum as perfectly acceptable and equal for
Black. The only "over the board game" I have in my database (I have several
recent corr games here as well) continued} 11. Nf3 Nxg3 12. hxg3 Bg7 13. Rb1
Qe7 14. b4 Rc8 15. Ne2 h5 16. Bf5 Bf6 17. Kf1 Kf8 18. a3 Kg7 19. Nd2 b6 20. Bd3
c5 {and Black had taken over the initiative in Arencibia Rodriguez,W (2548)
-Campora,D (2506)/Cali 2001. Certainly food for thought....}) 6. e3 c6 7. Qc2
Nbd7 8. Bd3 Nf8 9. Nge2 Ne6 10. Bh4 g6 11. O-O {You'll find this line analysed
briefly by Schandorff in page 21 of his "Playing the Queen's Gambit" book, but}
Nh5 {was not mentioned. You cannot blame the author though. This move is rare
as well as weak. Let's see how Sabino deals with it} 12. Bxe7 Qxe7 13. e4 $1
$146 dxe4 14. Bxe4 {Excellent. White's idea is simply to play d5[%cal Gd4d5]}
Nf6 15. d5 $1 {which he does! Black is certainly at least slightly worse after
this and it gets more frightening soon...} Ng5 16. Ng3 Ngxe4 17. Ngxe4 Nxe4 18.
Nxe4 Bf5 $6 {You cannot blame Black for trying to castle queenside.
Unfortunately for him this idea simply doesn't work} (18... cxd5 {of course is
bad due to} 19. Qc3 {but better would have been}) (18... O-O {although after
both} 19. d6 {and} (19. dxc6 {Black's position is unpleasant and those weak
dark squares "smell" like disaster in the near future. The computer cannot see
one coming very soon, but a human player correctly cannot feel safe in the
long term.[%csl Gf6,Gg7,Gh6]})) 19. Qc3 $1 O-O-O 20. Ng3 Bd7 21. Rfe1 Qd6 22.
Ne4 Qxd5 23. Rad1 Qxa2 24. Qe5 $16 (24. Ra1 Qd5 25. Rxa7 {was much quicker})
24... Be6 25. Nd6+ Rxd6 26. Qxh8+ Kc7 27. Rxd6 Kxd6 28. Qb8+ Ke7 29. Qxb7+ {
Sabino will win the exchange up endgame. It required some patience, but the
result was never in doubt. Especialy as there are pawns on both sides of the
board.} Kf6 30. Qb8 Qa5 31. Qh8+ Kf5 32. Rc1 h5 33. Qd4 Bd5 34. h4 Ke6 35. Rc3
Qb6 36. Re3+ Kd7 37. Qc3 a5 38. Rd3 Qb4 39. Qxb4 axb4 40. Rd4 b3 41. f3 Ke6 42.
Kf2 f6 43. Ke3 g5 44. g3 Ke5 45. Rb4 Kf5 46. Rb8 gxh4 47. gxh4 Be6 48. Rh8 Bf7
49. Kd4 Kg6 50. Ke4 Bd5+ 51. Kf4 Be6 52. Rd8 Bc4 53. Rc8 Bd5 54. Rc7 Kh6 55.
Kf5 Bxf3 56. Kxf6 Bd5 57. Rg7 Be4 58. Rg3 Bd5 59. Rg6+ Kh7 60. Rg5 Kh6 61. Re5
Bg8 62. Re8 Kh7 63. Re7+ Kh6 64. Rc7 Bd5 65. Rc8 Kh7 66. Kg5 Bf3 67. Rc7+ Kg8
68. Kg6 Be4+ 69. Kxh5 Kf8 70. Kg5 Ke8 71. Kf4 1-0

[Event "72nd ch-ITA 2012"]
[Site "Torino ITA"]
[Date "2012.11.07"]
[Round "8"]
[White "Brunello, S."]
[Black "Altini, N."]
[Result "1/2-1/2"]
[WhiteElo "2591"]
[BlackElo "2354"]
[Annotator "Ntirlis,Nikos"]
[PlyCount "87"]
[EventDate "2012.10.30"]
[Source "Chess Today"]
[SourceDate "2012.11.26"]

1. d4 d5 2. c4 c6 3. Nf3 Nf6 4. Nc3 dxc4 5. a4 Bf5 6. Ne5 Nbd7 7. Nxc4 Nb6 8.
Ne5 a5 9. Bg5 h6 10. Bh4 e6 11. e4 Bh7 12. f3 Be7 13. Bf2 O-O 14. Be2 Nfd7 15.
Nd3 Rc8 16. O-O c5 {So far everything went well; we are still in preparation!}
17. dxc5 $6 {but now we underestimated a resource from Black which Schandorff
warned us about in his book} (17. Nb5 $1 cxd4 18. Nxd4 $1 {This is what
Schandorff recommends instead in page 132 of his QG book. Indeed, this line
looks better for White.}) 17... Nxc5 18. Nxc5 Bxc5 19. Bxc5 Rxc5 20. Qxd8 Rxd8
21. Rfd1 Rcc8 22. Rab1 {We had in mind this pleasant endgame which was seen in
Gelfand- Felgaer, 2005. It looks grim for Black, doesn't it? What is he going
to do about his Bishop at h7? The next move solves the problem in a very
effective way:[%csl Ge4,Gf3,Gh7][%cal Gh7e4]} f5 $1 {Schandorff had this move,
originally played by GM Kuzubov two years after the Gelfand game, mentioned in
his book. Black solves his problems.} 23. Rxd8+ Rxd8 24. b4 fxe4 25. bxa5 exf3
26. Rxb6 fxe2 27. Rxe6 Bd3 28. Nxe2 Ra8 29. Nf4 Bc4 30. Re5 Bb3 31. Nd5 Bxa4
32. Nb6 Re8 33. Rc5 Bc6 34. Kf2 Rf8+ 35. Kg3 Rf6 36. Nd5 Rg6+ 37. Kf2 Kh7 38.
Ne3 Rd6 39. Ke2 Be4 40. Nf5 Re6 41. Nd4 Rd6 42. Nf5 Re6 43. Nd4 Rd6 44. Nf5
1/2-1/2

[Event "72nd ch-ITA 2012"]
[Site "Torino ITA"]
[Date "2012.10.31"]
[Round "2"]
[White "Brunello, S."]
[Black "Godena, M."]
[Result "1-0"]
[WhiteElo "2591"]
[BlackElo "2526"]
[Annotator "Ntirlis,Nikos"]
[PlyCount "78"]
[EventDate "2012.10.30"]
[Source "Chess Today"]
[SourceDate "2012.11.26"]

1. d4 d5 2. c4 dxc4 3. e4 Nf6 4. e5 Nd5 5. Bxc4 Nb6 6. Bd3 Nc6 7. Be3 {
Following Schandorff!} (7. Ne2 {After the text game, Sabino decided to play
another line when faced again with the same defensive system in order to avoid
possible preparation from his opponent. Schandorff also mentions the 7.Ne2
move in his book, so by following this game and some comments you can also add
this line in your repertoire with a bit of extra work.} Bg4 8. f3 Be6 9. Nbc3
Qd7 10. Ne4 Bd5 11. Nc5 Qc8 {I have pleasant memories of this line. In the
recent Olympiad, the Danish team faced Georgia in the important last round and
one of the Georgian players fell victim of the well prepared GM AS Rasmussen
and quickly had a totally lost position with White after the opening.} 12. Bd2
$5 {"I'll not lose my Queen today", said Sabino just before the game.} (12. a3
e6 13. Qc2 Bxc5 14. Qxc5 Qd7 15. O-O a6 $1 {A sneaky move!} (15... Nc4 16. Bxc4
b6 17. Qb5 {wins for White but now the b5 square is covered, so the Knight
jump is threatened}) 16. Bg5 $4 (16. Qc3 {is what White is usually advised to
play here. Black has a solid position though.}) 16... Nc4 17. Bxc4 b6 {Oups!
Now the Queen is lost.} 18. Bxd5 bxc5 19. Be4 Nxd4 20. Bxa8 Nxe2+ 21. Kh1 c6
22. Rfd1 Nd4 23. Rac1 Qa7 24. Rxd4 cxd4 25. Bxc6+ Kf8 26. f4 Qb8 27. b4 f6 28.
Bh4 Kf7 29. Be4 Rc8 {Nice and instructive play by Black here. It happens very
often such positions in club level to be played very passively and not won at
the end. Look how the Grandmaster makes sure that all his pieces will play so
that his material advantage will tell at the end.} 30. Rd1 fxe5 31. fxe5 Qxe5
32. Re1 Qf4 33. g3 Qf2 34. Rg1 Qe3 35. Bb7 Rc1 {0-1 Sanikidze,T (2585)
-Rasmussen,A (2496)/Istanbul TUR 2012. Good game and a nice convincing win for
Denmark in the last round who finished 18th (sadly a bit behind Sweden but
still got a silver medal in the relevant group)}) 12... e6 13. Rc1 Nd7 (13...
Bxc5 {Seems obligatory, but Black is in bad shape after} 14. Rxc5 Qd7 15. b4 $5
Ne7 (15... Qe7 16. O-O Nd7 17. Rxd5 exd5 18. b5 Nd8 19. Qb3 c6 20. f4 {and
White seems to be having excellent compensation for his exchange[%cal Gf4f5]})
16. Qc2 c6 17. a4 {and White is pressing all over the board}) 14. Ne4 Nb4 15.
Bb1 Bc6 16. O-O a5 17. Qe1 Qb8 18. a3 Nd5 19. f4 g6 20. Bxa5 {in Brunello,S 
(2591)-Jonkman,H (2421)/Wijk aan Zee NED 2012 White had already won a pawn and
still had all the other good things in his position he had before winning the
material. He won that game without too many problems.}) 7... Nb4 8. Be4 f5 9.
exf6 exf6 10. Nc3 f5 11. Bb1 N4d5 12. Nf3 Nxe3 {Godena finds a line that
Sabino couldn't find in Schandorff's book because it is simply not there! You
cannot blame the Italian GM. This move has a fantastic score in the database
based on very few games played. But is it sound? I doubt it. Sabino, once
again shows the correct way} 13. fxe3 Qe7 14. O-O Be6 (14... Qxe3+ $2 15. Kh1 {
would be really bad for Black[%cal Gf1e1]}) 15. a4 $1 a5 $146 (15... Nc4 {was
seen in Tikkanen,H (2570)-Stevic,H (2614)/Istanbul TUR 2012 but Godena was
probably right not to follow this example. After the Houdini suggested line:}
16. Qd3 {[%cal Gb1a2]} Nd6 17. d5 Bd7 18. Qd4 {Black is certainly worse.}) 16.
e4 fxe4 17. Bxe4 O-O-O 18. Ne5 {White is better after this and Godena's
opening experiment proved to be a failure. Sabino offered another great game
for Schandorff's third edition of his well received QG book!} Qb4 $6 {Black
needs an improvement here in order to be able to use this line in future games
but I am not sure if there is a really satisfactory one for him.} 19. Nb5 $1
Kb8 20. Qc2 Bd6 21. Bxb7 Bxe5 22. dxe5 Qc4 23. Qf2 Rhf8 24. Bf3 {Sabino is
just a huge pawn up here and totally winning.} Qb4 25. Qc2 Bc4 26. Rfd1 Qc5+
27. Kh1 Qxe5 28. b3 Bxb5 29. axb5 Rxd1+ 30. Rxd1 Re8 31. h3 Qxb5 32. Qxh7 Qxb3
33. Qg6 Qa4 34. Rb1 Re7 35. Qd3 Kc8 36. Bg4+ Kb7 37. Qd5+ Ka7 38. Qc5 Rf7 39.
Be6 Rf4 1-0

[Event "Cultural Village 2012"]
[Site "Wijk aan Zee NED"]
[Date "2012.11.22"]
[Round "4.3"]
[White "Brunello, S."]
[Black "Van der Lende, I."]
[Result "1-0"]
[WhiteElo "2591"]
[BlackElo "2169"]
[Annotator "Ntirlis,Nikos"]
[PlyCount "97"]
[EventDate "2012.11.19"]
[Source "Chess Today"]
[SourceDate "2012.11.26"]

1. d4 e6 2. c4 Nf6 3. Nc3 Bb4 4. e3 $5 {Following Schandorff once again} O-O (
4... d5 5. a3 Bxc3+ 6. bxc3 c6 {Was seen in another recent game of Sabino
against a very solid GM.} 7. Nf3 O-O 8. Bd3 b6 9. cxd5 cxd5 10. Qe2 Bb7 11. Bb2
{we started as a Nimzo, but ended up as a QGD, so the owners of the "Indian
Defences" book by Schandorff will not find this line in his second book, but
in the first one (The "Queen's Gambit" one) at page 310.} Qc8 {[%cal Gb7a6]} (
11... Nc6 12. O-O Na5 13. Nd2 $14 {Schandorff}) 12. c4 $6 {a bit too rushed} (
12. Rc1 Ba6 13. c4 $14 {is given by Schandorff}) (12. a4 {is another solution
offered by Sokolov in his "Strategic Nimzo" book. The point is that after the
intended} Ba6 {White plays} 13. Bb5 {an idea also known from some variations
of the French Defense}) 12... dxc4 13. Bxc4 Ba6 14. Bxa6 Qxa6 15. Qxa6 Nxa6 16.
Ke2 Rfc8 17. Rhc1 Ne4 18. Ne5 f6 19. Nd3 Kf7 20. a4 Nd6 21. Rxc8 Rxc8 22. Rc1
Rxc1 23. Nxc1 e5 24. dxe5 Nc4 25. Bc3 Nxe5 26. Nb3 Nc7 27. f4 Nd5 28. Bd2 {1/
2-1/2 Brunello,S (2591)-Rozentalis,E (2592)/Wijk aan Zee NED 2012}) 5. Nge2 c5
6. a3 Bxc3+ 7. Nxc3 b6 {Another line not mentioned by Schandorff for the
simple reason that White's set-up is designed to make those lines bad for
Black. Once again I should say that an author simply cannot put everything in
a book and we are lucky that we can follow Sabino once again!} 8. d5 {Very
typical. Black is playing a bad Benoni.} d6 9. Be2 exd5 10. cxd5 (10. Nxd5 Bb7
11. Nf4 {was probably better}) 10... Ba6 11. O-O Re8 12. e4 Bxe2 13. Qxe2 b5 $2
{This creates some tactical problems for Black} (13... Nbd7 {was better, but
after} 14. f3 {White has a bit more comfortable game, although nothing
decisive can happen soon[%cal Gc1e3,Ga3a4,Gb2b4]}) 14. Qxb5 Nxe4 15. Re1 a6 16.
Qa4 Nf6 17. Bf4 Nbd7 18. Qc6 Ne5 19. Bxe5 dxe5 20. Rad1 Qc8 21. Na4 Qxc6 22.
dxc6 Rac8 23. Rd6 Re7 24. Nxc5 Ne8 25. Rd7 Kf8 26. Nxa6 Rxc6 27. Rxe7 Kxe7 28.
Nb4 {A typical "GM vs Amateur" game. Now only decent technique is required and
a 2600 GM like Sabino will never face problems winning here.} Re6 29. a4 Nc7
30. a5 f6 31. Rc1 Kd7 32. Nd3 Rc6 33. Rd1 Rd6 34. Kf1 Na6 35. Ke2 Kc6 36. f4
exf4 37. Nxf4 Rxd1 38. Kxd1 Kb5 39. Nh5 Kxa5 40. Nxg7 Nc7 41. Nh5 Nd5 42. Ke2
Kb4 43. Kd3 Kc5 44. g4 Kd6 45. Ke4 h6 46. Ng7 Nb6 47. Nf5+ Kc5 48. Nxh6 Nc4 49.
Kf5 1-0

[Event "22nd WSCC Open"]
[Site "Kamena Vourla"]
[Date "2012.11.17"]
[Round "5.2"]
[White "Sveshnikov, Evgeny"]
[Black "Kristiansen, Jens"]
[Result "1/2-1/2"]
[WhiteElo "2507"]
[BlackElo "2429"]
[Annotator "Aagaard,Jacob"]
[PlyCount "57"]
[EventDate "2012.11.13"]
[Source "Chess Today"]
[SourceDate "2012.11.26"]

1. e4 Nf6 (1... c5 2. c3 Nf6 3. e5 Nd5 4. d4 cxd4 5. Nf3 e6 6. cxd4 d6 7. Nc3
Nxc3 8. bxc3) 2. e5 Nd5 3. c4 Nb6 4. c5 Nd5 5. Nc3 e6 6. d4 d6 7. cxd6 cxd6 8.
Nf3 Nxc3 9. bxc3 Qc7 10. Qb3 Nc6 11. Bf4 d5 $5 (11... dxe5 12. Bxe5 Nxe5 13.
Nxe5 a6 14. Qa4+ Bd7 15. Qxd7+ Qxd7 16. Nxd7 Kxd7 $11) 12. Bd3 Bd7 13. O-O h6
14. a4 Na5 15. Qc2 Be7 16. Rfc1 Nc4 17. Nd2 Nxd2 18. Qxd2 Bc6 19. Qe2 Qd7 20.
Be3 a6 21. Bc2 b5 22. Qg4 g6 23. h4 h5 24. Qg3 bxa4 25. Bg5 Bxg5 26. Qxg5 Qe7
27. Bxa4 Bxa4 28. Rxa4 Qxg5 29. hxg5 1/2-1/2

[Event "22nd WSCC Open"]
[Site "Kamena Vourla"]
[Date "2012.11.18"]
[Round "6.4"]
[White "Kristiansen, Jens"]
[Black "Zhelnin, Vladimir V"]
[Result "1-0"]
[WhiteElo "2429"]
[BlackElo "2459"]
[Annotator "Aagaard,Jacob"]
[PlyCount "107"]
[EventDate "2012.11.13"]
[Source "Chess Today"]
[SourceDate "2012.11.26"]

1. d4 d6 2. e4 Nf6 3. Nc3 g6 4. Be3 Bg7 5. Qd2 Ng4 6. Bg5 h6 7. Bh4 c6 8. h3
Nf6 9. Nf3 d5 10. Bd3 dxe4 11. Nxe4 Nxe4 12. Bxe4 $14 Nd7 13. O-O Nf6 14. Bd3
g5 $6 (14... O-O $14) 15. Bg3 Nh5 16. Be5 Bxe5 17. Nxe5 Nf4 18. Bc4 Be6 19.
Bxe6 Nxe6 20. c3 (20. Rad1 $14 Qd5 $2 21. c4 $16) 20... Qd5 21. Qc2 $1 Nf4 22.
f3 f6 23. Ng6 Nxg6 24. Qxg6+ Qf7 25. Qf5 Qd5 26. Qg6+ Qf7 27. Qe4 Qd5 (27...
O-O-O $5 $14) 28. Qe3 Kf7 29. Rae1 Rae8 30. b3 (30. f4 $14) 30... a6 (30... e5
$1 31. dxe5 Qxe5 32. Qxa7 Qxe1 33. Rxe1 Rxe1+ 34. Kh2 Re7 $13) 31. f4 $1 gxf4
$2 (31... Rhg8 $14) 32. Rxf4 h5 33. c4 Qd6 34. Qf3 Rd8 35. Kh1 Rd7 36. Rh4 Kf8
37. Ree4 $18 Rg8 38. Qxh5 e5 39. Qf5 Rdg7 40. c5 $6 (40. Rh6 Rf7 41. Qc8+ Kg7
42. Rg4+ $18) 40... Qd8 41. Rh6 Rf7 42. Rg4 $6 $16 (42. Qf2 $1 $18) 42... Rxg4
43. Qxg4 Qxd4 44. Qc8+ Ke7 45. Qxb7+ Qd7 46. Qxa6 e4 47. Rh4 (47. Rh8 $5) 47...
Qd5 48. Qe2 $2 (48. Qb7+ Ke6 49. Qc8+ Ke7 50. Rh8 $18) 48... f5 49. Qe3 Qe5 50.
Qf4 Qxc5 $2 (50... Qxf4 51. Rxf4 Ke6 52. g4 e3 $3 (52... Ke5 53. Rxf5+ Rxf5 54.
gxf5 Kd4 55. f6 e3 56. f7 e2 57. f8=Q e1=Q+ 58. Kg2 $18) 53. Kg1 (53. Kg2 fxg4
54. Re4+ Kd5 55. Rxe3 gxh3+ $11) 53... Rh7 54. Rf3 f4 55. Rxf4 Ke5 56. Rf5+ Kd4
57. Kg2 Rxh3 $1 58. Rf4+ Kd3 59. Rf6 Rh4 $132 60. Rd6+ $1 (60. Kg3 Rh1 $11)
60... Ke4 61. Rxc6 Rxg4+ 62. Kf1 Rf4+ 63. Ke1 Rh4) 51. Rh6 Qd4 52. Qc7+ Kf8 53.
Qc8+ Ke7 54. Re6# 1-0

[Event "22nd WSCC Open"]
[Site "Kamena Vourla"]
[Date "2012.11.19"]
[Round "7.2"]
[White "Balashov, Yuri S"]
[Black "Kristiansen, Jens"]
[Result "0-1"]
[WhiteElo "2475"]
[BlackElo "2429"]
[Annotator "Aagaard,Jacob"]
[PlyCount "72"]
[EventDate "2012.11.13"]
[Source "Chess Today"]
[SourceDate "2012.11.26"]

1. d4 f5 2. g3 Nf6 3. Bg2 e6 4. Nf3 d5 5. O-O Bd6 6. c4 c6 7. b3 Qe7 8. Nc3 O-O
9. e3 Nbd7 10. Ne2 b6 11. Bb2 Ba6 $11 12. Rc1 Rac8 13. Nf4 Ne4 14. Ne5 $1 Bxe5
$6 (14... Nxe5 15. dxe5 Bc5 16. a3 $1 $14) (14... Bb7 $1 $13) 15. dxe5 Rfd8 16.
Qc2 $14 b5 17. cxd5 cxd5 18. Qe2 Ndc5 19. b4 Na4 20. Bd4 Rc4 21. Nd3 $5 (21. f3
$1 Nec3 22. Qd2 Rdc8 23. Nd3 $14) 21... Rdc8 22. f3 Nec3 (22... Rxc1 23. Rxc1
Rxc1+ 24. Nxc1 Nec3 25. Qc2 Qxb4 26. Nb3 $44) 23. Qd2 R8c6 24. h4 $6 (24. Rfe1
$1 Qc7 25. Bf1 $16) 24... Qc7 25. Kh2 (25. Rfe1 Ne2+ 26. Rxe2 Rxc1+ 27. Nxc1
Rxc1+ 28. Bf1 Bc8 $13) 25... Bc8 26. a3 h6 27. Bh3 $2 Nb1 $5 (27... Ne4 $1 28.
Qd1 Rxc1 29. Nxc1 Rc2+ 30. Bg2 Rd2 31. Qb3 Nec3 $19) 28. Qe1 Rxc1 29. Nxc1 Rc2+
$6 (29... Nd2 $1 $19) 30. Ne2 Nxa3 $17 31. Rf2 Nc4 32. Bg2 Nxe5 33. Nf4 Rxf2
34. Qxf2 Nc6 35. e4 Qd6 36. e5 Qxb4 0-1